000 00620nam a2200229Ia 4500
003 OSt
005 20220918204348.0
006 a|||||r|||| 00| 0
007 ta
008 220917b |||||||| |||| 00| 0 eng d
024 _a112,344
037 _cTextual
040 _aARTS
_cARTS
_beng
041 _2eng
_aeng
082 _aV52:19:M70, K0
100 _aHalperin S William
_9111761
245 0 _aDiplomat under stress
_b visconti-venosta and the crisis of July, 1870
260 _c1960
650 _aHISTORY
942 _hV52:19:M70, K0
_cTEXL
_2CC
999 _c235693
_d235693